Loading...
| Current Events | 4 | 17.50 | 100% | 75% | 0% |
| Fine Arts - Auditory Fine Arts | 9 | 16.67 | 89% | 78% | 0% |
| Fine Arts - Visual Fine Arts | 15 | 20.00 | 100% | 73% | 27% |
| Geography | 5 | 16.00 | 100% | 40% | 20% |
| History - American History | 8 | 21.25 | 100% | 88% | 25% |
| History - Ancient History | 8 | 15.00 | 100% | 50% | 0% |
| History - European History | 7 | 18.57 | 100% | 86% | 0% |
| History - World History | 7 | 20.00 | 100% | 86% | 14% |
| Literature - American Literature | 4 | 25.00 | 100% | 100% | 50% |
| Literature - British Literature | 7 | 18.57 | 100% | 57% | 29% |
| Literature - European Literature | 4 | 17.50 | 100% | 75% | 0% |
| Literature - World Literature | 7 | 15.71 | 86% | 71% | 0% |
| Mythology | 4 | 20.00 | 100% | 75% | 25% |
| Other Academic | 4 | 20.00 | 75% | 75% | 50% |
| Philosophy | 9 | 16.67 | 100% | 67% | 0% |
| Religion | 7 | 15.71 | 100% | 57% | 0% |
| Science - Biology | 7 | 15.71 | 86% | 57% | 14% |
| Science - Chemistry | 8 | 18.75 | 100% | 75% | 13% |
| Science - Other Science | 13 | 16.92 | 92% | 62% | 15% |
| Science - Physics | 7 | 21.43 | 100% | 100% | 14% |
| Social Science | 13 | 18.46 | 92% | 77% | 15% |